000 01117nam a2200337 i 4500
001 16732
003 KOSZ 005
005 20220322104534.0
008 070916s1968 pl a f |000 0 pol
015 _aPB 1969/843
040 _aWA N
_cWA N
_dKOSZ 005/HR
046 _k1968
080 _a621.51/.54
080 _a532.5
100 1 _aGoliński, Józef
_d(1916-2011)
_eAutor
245 1 0 _aStrumienice :
_bteoria i konstrukcja /
_cJózef A. Goliński, Adam T. Troskolański.
260 _aWarszawa :
_bWydawnictwa Naukowo-Techniczne,
_cdr. 1968.
300 _a473 s. :
_bil., err. ;
_c23 cm.
380 _aKsiążki
388 _a1901-2000
388 _a1945-1989
504 _aBibliogr.
650 4 _aHydraulika
650 4 _aStrumienica
650 4 _aMaszyny przepływowe
658 _aInżynieria i technika
700 1 _aTroskolański, Adam Tadeusz
_d(1901-1982)
_eAutor
710 2 _aWydawnictwa Naukowo-Techniczne
_4pbl.
856 _uhttp://koha.tu.koszalin.pl/cgi-bin/koha/opac-detail.pl?biblionumber=16732
_yKatalog online BPK
942 _2UKD
_cKS
999 _c16732
_d16732